Statistieken voor Kaart van China Quiz

Klik hier om de quiz te nemen!

Algemene statistieken

  • Deze quiz is 633 keer genomen
  • De gemiddelde score is 13 van 32

Antwoorden op de kaart

Antwoorden kleurgecodeerd door een groen-rode schaal op de quizkaart volgens % correct hieronder.
 

Antwoordstatistieken

Antwoord% Correct
Tibet
73%
Beijing
70%
Binnen-Mongolië
69%
Hongkong /
Macau
66%
Shanghai
59%
Guangdong
52%
Hainan
52%
Tianjin
48%
Sinkiang
43%
Chongqing
42%
Sichuan
40%
Heilongjiang
39%
Yunnan
39%
Guangxi
38%
Hubei
36%
Fujian
35%
Anhui
34%
Shandong
34%
Gansu
33%
Hebei
33%
Jilin
33%
Liaoning
33%
Qinghai
33%
Shaanxi
33%
Hunan
32%
Zhejiang
32%
Henan
31%
Ningxia
31%
Guizhou
30%
Jiangsu
30%
Shanxi
29%
Jiangxi
28%

Scoreverdeling

Percentiel versus Aantal Correcte Antwoorden

Procent van Mensen met Elke Score

Uw Scoregeschiedenis

U heeft deze quiz nog niet genomen